00837nam a2200193 a 450000100100000000500170001000800410002704000250006808200160009310000310010924501380014026000310027830000210030949000130033059000760034383000200041995201870043999900170062600003559320200930074446.0111104s1973 mx 000 0 spa d aDO-SdBNPbspacBNPHU axxxxbV161h1 aValenzuela, Mariana96149610aHistoria del dulce trato dado a los Indios por los yanquis :brebelión y miseria de los indios sioux en 1973 /cMariana Valenzuela. aMéxico :bPosada,c1973. a187 p. ;c17 cm.1 aDudav35 aPerteneció a la biblioteca personal de Juan Isidro Jimenes Grullón. 0aDudav35935688 001050718MOaGRbGRcCTd2011-11-04iLF1l0oxxxx V161hp35593-10r2020-06-25w2020-06-25y1zPerteneció a la biblioteca personal de Juan Isidro Jimenes -GrullónZNo se presta c35084d35084